000 00911cam a2200193 4500
001 WB3831-14
008 020828n2002 000 0 eng u
035 _a(Sirsi) u119443
245 _aPoor PR hampers big developments
260 _c2002
490 _aGCI UK Press Release
_vAugust 2002, (2)
520 _aResearch by public affairs consultancy GCI London reveals that poor communication strategies are hampering the success of major development and infrastructure proposals. GCI's survey found that 90% of respondents believe that good communications are a crucial part of the development proposal, but 48% feel that communication strategies are poorly planned and unstructured. www.gciuk.com/newsitem.asp?articleID=30
590 _aWB
650 _aCOMMUNICATION
650 _aINFRASTRUCTURE PROJECTS
650 _aDEVELOPMENT PROPOSALS
690 _aPROPERTY-PROPERTY DEVELOPMENT
942 _n0
999 _c71015
_d71015